00636nam a2200241 a 450000100060000000300080000600500170001400800410003102000150007203500190008704000350010604100080014108200220014910000200017124500470019126000330023830000340027150000180030565000120032370000230033574000170035883000190037555624BD-RjUL20211209080307.0161120s1986 enk 001 0 eng d a0330299379 a(BD-RjUL)55747 aBD-RjULbengcBD-RjULdBD-RjUL aeng 223a570bRAB 1986 aRaven, Peter H 10aBiology /cPeter H Raven; George B Johnson bLondon :aPan Books :cc1986 axxx, 1197 p. :bill. ;c25 cm aInclude index 0aBiology aJohnson, George B 0 aGCSE biology 0aPan study aids